| 000 | 00545nam a22001937a 4500 | ||
|---|---|---|---|
| 005 | 20230321132055.0 | ||
| 008 | 230321b ||||| |||| 00| 0 eng d | ||
| 040 |
_aIN-DiNC _cIN-DiNC |
||
| 041 | _dasm | ||
| 082 |
_a891.4512 _bJYO |
||
| 100 |
_aAgarwalla, Jyotiprasad _eauthor |
||
| 245 |
_aJyotiprasadar natak/ _ced. by Hiren Gohain |
||
| 250 | _a2nd ed. | ||
| 260 |
_aGuwahati: _bPublication Board Assam, _c2010. |
||
| 300 | _axxiv, 438p. | ||
| 650 | _aDrama of Jyotiprasad Agarwalla | ||
| 700 |
_aGohain, Hiren _eEditor |
||
| 942 |
_2ddc _cBK |
||
| 999 |
_c11501 _d11501 |
||